000 00541nam a22001817a 4500
999 _c59643
_d59643
005 20230331155531.0
008 230328s2002 enk||||| |||| 00| 0 eng d
020 _a9781857420708x
041 _aeng
080 _a364 D-69
100 _aDoel, Mark
_917295
245 _aTask Centered Social Work /
_cMark Doel, Peter Marsh.
264 _aBurlington,
_c2002.
300 _a136 p.;
_b22 cm.
653 _aსოციალური დახმარებები
700 _aMarsh, Peter
_eავტორი
_917296
942 _2udc
_cBK